[Event "Las Palmas-chT"]
[Site "Las Palmas"]
[Date "2011.02.26"]
[Round "7.4"]
[White "Ortega Hernandez, Carmelo"]
[Black "Garcia Caballero, Luis"]
[Result "0-1"]
[WhiteElo "1751"]
[BlackElo "2163"]
[PlyCount "122"]
[EventDate "2011.01.15"]
[EventType "team-swiss"]
[EventRounds "14"]
[EventCountry "ESP"]
[SourceTitle "EXT 2012"]
[Source "ChessBase"]
[SourceDate "2011.11.24"]
[SourceVersion "1"]
[SourceVersionDate "2011.11.24"]
[SourceQuality "1"]
[WhiteTeam "Panaderia Pulido San Mateo"]
[BlackTeam "Villa de Teror"]
[WhiteTeamCountry "ESP"]
[BlackTeamCountry "ESP"]

1. f4 d5 2. e3 c5 3. Nf3 Nc6 4. Bb5 Bd7 5. 0-0 a6 6. Bxc6 Bxc6 7. d3 b5 8. b3 Nf6 9. Ne5 Bb7 10. Bb2 e6 11. g4 Nd7 12. g5 d4 13. Nxd7 Qxd7 14. e4 h6 15. g6 f5 16. Nd2 Be7 17. exf5 exf5 18. Qh5 0-0 19. Rae1 Bd6 20. Bc1 Qc7 21. Nf3 Qc6 22. Re6 Qd5 23. Ree1 Rad8 24. Kf2 Bc6 25. Qh3 Bd7 26. Re2 Rf6 27. Qg3 Bc6 28. Ne5 Bxe5 29. Rxe5 Qd6 30. Qh3 Rdf8 31. Qh5 Rxg6 32. Rg1 Rgf6 33. Ba3 b4 34. Bc1 Kh7 35. Bd2 g6 36. Qe2 R8f7 37. Ke1 Bd5 38. Kd1 Rd7 39. Re1 Rff7 40. Kc1 a5 41. h4 h5 42. Re8 a4 43. Qe5 Qxe5 44. R1xe5 axb3 45. axb3 g5 46. hxg5 h4 47. Re2 h3 48. Rh2 Bg2 49. Re2 Kg6 50. Re6+ Kh5 51. Re2 Kg4 52. Rexg2+ hxg2 53. Rxg2+ Kf3 54. Rg1 Kf2 55. Re1 Rde7 56. Re5 Rxe5 57. fxe5 Re7 58. g6 Rg7 59. e6 Rxg6 60. e7 Re6 61. Bg5 Kg3 0-1

[Event "Las Palmas-chT"]
[Site "Las Palmas"]
[Date "2011.02.05"]
[Round "4.3"]
[White "Viera Falcon, Cristo"]
[Black "Ortega Hernandez, Carmelo"]
[Result "1-0"]
[WhiteElo "1805"]
[BlackElo "1751"]
[PlyCount "41"]
[EventDate "2011.01.15"]
[EventType "team-swiss"]
[EventRounds "14"]
[EventCountry "ESP"]
[SourceTitle "EXT 2012"]
[Source "ChessBase"]
[SourceDate "2011.11.24"]
[SourceVersion "1"]
[SourceVersionDate "2011.11.24"]
[SourceQuality "1"]
[WhiteTeam "Telde Los Llanos"]
[BlackTeam "Panaderia Pulido San Mateo"]
[WhiteTeamCountry "ESP"]
[BlackTeamCountry "ESP"]

1. d4 e6 2. c4 f5 3. d5 e5 4. e4 Bb4+ 5. Nd2 Qh4 6. exf5 Nf6 7. Be2 e4 8. Qb3 Qg5 9. g4 a5 10. a3 Bxd2+ 11. Bxd2 Qh4 12. Nh3 h6 13. Nf4 Nxg4 14. 0-0-0 Ne5 15. Rhg1 0-0 16. Nh5 Rf7 17. Bxh6 d6 18. Bxg7 Kh7 19. Qe3 Ng4 20. Rxg4 Qxh5 21. Rg6 1-0

[Event "Las Palmas-chT"]
[Site "Las Palmas"]
[Date "2011.01.29"]
[Round "3.4"]
[White "Gutierrez Olivares, Daniel"]
[Black "Ortega Hernandez, Carmelo"]
[Result "0-1"]
[WhiteElo "2216"]
[BlackElo "1751"]
[PlyCount "100"]
[EventDate "2011.01.15"]
[EventType "team-swiss"]
[EventRounds "14"]
[EventCountry "ESP"]
[SourceTitle "EXT 2012"]
[Source "ChessBase"]
[SourceDate "2011.11.24"]
[SourceVersion "1"]
[SourceVersionDate "2011.11.24"]
[SourceQuality "1"]
[WhiteTeam "Real Club Victoria"]
[BlackTeam "Panaderia Pulido San Mateo"]
[WhiteTeamCountry "ESP"]
[BlackTeamCountry "ESP"]

1. e4 e6 2. d4 d5 3. e5 c5 4. Qg4 cxd4 5. Nf3 Nc6 6. Bd3 Nge7 7. 0-0 Ng6 8. Re1 Qc7 9. Qg3 Be7 10. h4 Bf8 11. a3 Bd7 12. b4 a6 13. h5 Nge7 14. Ng5 h6 15. Nf3 Nf5 16. Bxf5 exf5 17. e6 Qxg3 18. exd7+ Kxd7 19. fxg3 g5 20. Bb2 Bg7 21. Nbd2 Rhe8 22. Nb3 Re4 23. Nc5+ Kc7 24. Nxe4 dxe4 25. Nd2 Rd8 26. Nb3 Be5 27. g4 Bg3 28. Red1 e3 29. Kf1 Re8 30. Ke2 fxg4 31. Rf1 Bf2 32. Bxd4 f5 33. Bg7 Re6 34. Rfd1 f4 35. Nc5 Re7 36. Bxh6 Ne5 37. Bxg5 f3+ 38. gxf3 gxf3+ 39. Kf1 Ng4 40. Bf4+ Kc8 41. Bxe3 Bxe3 42. Rab1 Nh2+ 43. Ke1 f2+ 44. Ke2 Bxc5+ 45. Kd3 Be3 46. Rh1 Bf4 47. h6 Re3+ 48. Kd4 Rh3 49. Rbf1 Bxh6 50. Ke4 Re3+ 0-1

[Event "Las Palmas-chT"]
[Site "Las Palmas"]
[Date "2011.01.15"]
[Round "1.4"]
[White "Ramirez Medina, Victor"]
[Black "Ortega Hernandez, Carmelo"]
[Result "1/2-1/2"]
[WhiteElo "1810"]
[BlackElo "1751"]
[PlyCount "125"]
[EventDate "2011.01.15"]
[EventType "team-swiss"]
[EventRounds "14"]
[EventCountry "ESP"]
[SourceTitle "EXT 2012"]
[Source "ChessBase"]
[SourceDate "2011.11.24"]
[SourceVersion "1"]
[SourceVersionDate "2011.11.24"]
[SourceQuality "1"]
[WhiteTeam "Piscolabis Oleaje San Andres"]
[BlackTeam "Panaderia Pulido San Mateo"]
[WhiteTeamCountry "ESP"]
[BlackTeamCountry "ESP"]

1. e4 e6 2. Nf3 d5 3. Nc3 Nf6 4. e5 Nfd7 5. d4 Bb4 6. a3 Bxc3+ 7. bxc3 c5 8. Bd3 Qa5 9. Bd2 c4 10. Be2 Nb6 11. 0-0 Na4 12. Kh1 Nc6 13. Qe1 Bd7 14. Rb1 0-0-0 15. Qc1 Rdf8 16. Be1 h6 17. Ng1 f6 18. f4 fxe5 19. dxe5 Qc7 20. Nf3 Be8 21. Nd4 Nxd4 22. cxd4 Bg6 23. Bb4 Rf7 24. Qd2 Be4 25. Bd6 Qc6 26. Bf3 Bxf3 27. Rxf3 Rd8 28. Rbf1 Qb5 29. h3 g6 30. Qe1 h5 31. h4 Rf5 32. Qa1 Qb2 33. Qxb2 Nxb2 34. Rb1 Na4 35. Rb4 Nb6 36. Rf1 Rd7 37. g3 Kd8 38. Rd1 Rff7 39. Bc5 Nc8 40. Rb2 b6 41. Bb4 Rb7 42. a4 Rfc7 43. a5 Ke8 44. Bc3 Kd7 45. Kg2 Kc6 46. axb6 Rxb6 47. Rxb6+ axb6 48. Kf3 Ra7 49. Ra1 Rxa1 50. Bxa1 b5 51. g4 b4 52. gxh5 gxh5 53. f5 exf5 54. Kf4 Ne7 55. Kg5 c3 56. Kxh5 Kd7 57. Kg5 Ke6 58. h5 Ng8 59. Kf4 Nh6 60. Ke3 Ng4+ 61. Kf4 Nh6 62. Ke3 Kf7 63. Kf4 1/2-1/2